000
00204 a2200097 4500
001
47223
100
_a
Forester, C S
245
_a
The Ship
260
_a
London
_b
Michael Joseph
_c
090
_c
30274
_d
30274
942
_a
NUST-CAE
_c
M
_c
22530
999
_c
282296
_d
282296